000 00679nam a22002177a 4500
005 20251108170731.0
008 250721s1992 xx 000 0 ara d
082 1 4 _aط/551.5/تان
100 1 _aتانيهل، إيفان راي
_eمؤلف
245 1 0 _aالجو و تقلباته /
250 _aط7.
264 1 _aالقاهرة :
_bدار المعارف،
_c1992.
300 _a120ص.
490 0 _aكل شيء عن
_v5
650 1 7 _aالأرصاد الجوية
650 1 7 _aالأحوال الجوية
653 _aناشئون صغار (10-14) سنة
700 1 _aالفندي، محمد جمال الدين
_eترجمة
942 _2ddc
_cBK
999 _c47721
_d47721